• 首页
  • 本馆介绍
  • 公告通知
  • 最新文献
  • 馆藏检索
  • 电子资源
  • 读者导购
  • 参考咨询
  • 我的图书馆
  • 登录
  • 详细信息显示
  • 放入我的书架
  • 预约/预借图书
  • 作者相关作品
  • 分类相关作品
  • 丛书相关作品
  • 出版社相关作品

书目信息

  • 表格格式
  • 工作单格式
  • 卡片格式
题名:
希腊世界的艺术与考古
    
 
作者: 尼尔 著 ;翁海贞 译
分册:  
出版信息: 武汉   华中科技大学出版社  2020.3
页数: 408页
开本: 28cm
丛书名:
单 册:
中图分类: J110.92
科图分类:
主题词: 艺术史--古希腊
电子资源:
ISBN: 978-7-5680-5824-7
000 01229nam0 2200301 45
001 012001001061
005 20130910134829.0
010    @a978-7-5680-5824-7@b精装@dCNY228.00
099    @aCAL 012020096441
100    @a20200514d2020 em y0chiy0110 ea
101 1  @achi@ceng
102    @aCN@b420000
105    @aab a 001yy
106    @ar
200 1  @a希腊世界的艺术与考古@Axi la shi jie de yi shu yu kao gu@f(英) 理查德·西奥多·尼尔著@g翁海贞译
210    @a武汉@c华中科技大学出版社@d2020.3
215    @a408页@c彩图, 地图@d28cm
300    @a有书至美
306    @a由Thames & Hudson Lid.London授权出版
314    @a理查德·西奥多·尼尔, 芝加哥大学人文学院教授。
320    @a有书目 (第394-399页) 和索引
330    @a本书以全新的方式研究古希腊的艺术与考古学, 讲清晰的年代叙述与生动的艺术、物质文化相结合, 并强调了两千多年以来整个希腊世界的世界性特征。作者尼尔在全面、最新与平衡的叙述中, 将考古证据放在更广阔的历史、文化与社会语境中, 并提出了关于艺术、政治与风格演变之间关系的新思考方式。
606 0  @a艺术史@x古希腊
690    @aJ110.92@v5
701  1 @a尼尔@Ani er@g(Neer, Richard Theodore)@4著
702  0 @a翁海贞@Aweng hai zhen@4译
801    @aCN@b江苏凤凰@c20211018
905    @b1342051-3@dJ110.92@e157@f3
    
    希腊世界的艺术与考古/(英) 理查德·西奥多·尼尔著/翁海贞译.-武汉:华中科技大学出版社,2020.3
    408页:彩图, 地图;28cm
    有书至美
    
    ISBN 978-7-5680-5824-7(精装):CNY228.00
    本书以全新的方式研究古希腊的艺术与考古学, 讲清晰的年代叙述与生动的艺术、物质文化相结合, 并强调了两千多年以来整个希腊世界的世界性特征。作者尼尔在全面、最新与平衡的叙述中, 将考古证据放在更广阔的历史、文化与社会语境中, 并提出了关于艺术、政治与风格演变之间关系的新思考方式。
●
相关链接 在E读中查询图书 在五车中查询图书 在当当中查询图书 在豆瓣中查询图书


正题名:希腊世界的艺术与考古     索取号:J110.92/157         预约/预借

序号 登录号 条形码 馆藏地/架位号 状态 备注
1 1342051   213420519   第一样本阅览室/ [索取号:J110.92/157] 在馆    
2 1342052   213420528   第一借阅区/ [索取号:J110.92/157] 在馆    
3 1342053   213420537   第一借阅区/ [索取号:J110.92/157] 在馆    
欢迎您!
大连网信软件有限公司© 版权所有